000 00750nam a2200229Ia 4500
003 OSt
005 20220918175329.0
006 a|||||r|||| 00| 0
007 ta
008 220917b |||||||| |||| 00| 0 eng d
024 _a16,625
037 _cTextual
040 _aARTS
_cARTS
_beng
041 _2eng
_aeng
082 _aO:1L59w, G8
100 _aHenderson Keith ed
_953585
245 0 _aBurns-by himself
_b The poet-plough-man's life in his own words-pieced together from his diaries , letters and poems-with comments by his brothers and his sister and a few other contemporaries , etc.
260 _c1938
650 _aENGLISH LITERATURE
942 _hO:1L59w, G8
_cTEXL
_2CC
999 _c157001
_d157001